000 00270nam a2200109Ia 4500
005 20251222141959.0
008 251222s9999||||xx |||||||||||||| ||spa||
082 _a355.4/D85
245 0 _aDoctrina de Defensa Nacional
264 _bConsejo de Defensa Nacional
942 _cLIB
999 _c9938
_d9938